00673nam a2200169 i 4500001000300000100001800003245014200021260002100163490006400184700002500248830006000273040000800333041000800341080001500349008004100364856009800405bg1 aBOGACZ, Roman 0aZagadnienia analizy i syntezy kolumn obciążonych siłami śledzącymi ze względu na stateczność /cR. Bogacz, R. Janiszewski. aWarszawa,c1986.1 aPrace Instytutu Podstawowych Problemów Techniki PAN ;v201 aJANISZEWSKI, Ryszard aPrace Instytutu Podstawowych Problemów Techniki PAN ; cBPK apol a624.01/.07 s pl f |000 0 pol  uhttp://koha.tu.koszalin.pl/cgi-bin/koha/opac-detail.pl?biblionumber=23147yKatalog online BPK